| 000 | 01601nam0a2200349 4500 | ||
|---|---|---|---|
| 001 | RU\NLR\BIBL_A\011652276 | ||
| 005 | 20180319122905.0 | ||
| 010 |
_a978-5-906926-72-2 _91000 |
||
| 021 |
_aRU _bКН-П-18-008403 _9КН-П-18-0587 |
||
| 035 | _a(NLR Aleph) 011652276 | ||
| 035 | _a(RuMoRGB)009535002 | ||
| 090 |
_a11134572 _c11134572 |
||
| 100 | _a20180305d2017 k y0rusy50 ca | ||
| 101 | 0 | _arus | |
| 102 | _aRU | ||
| 105 | _aa z 0 y | ||
| 200 | 1 |
_aПарадигма изучения послойного интрамурального кровотока и давления миокарда у больных с ишемической болезнью и пороками сердца _eмонография _fЕ. М. Зайнетдинов, М. А. Мартаков, В. Е. Зайнетдинова |
|
| 210 |
_aМосква _cСеребро слов _d2017 |
||
| 215 |
_a293 с. _cил., табл. _d21 |
||
| 320 | _aБиблиогр.: с. 234-293 | ||
| 606 | 1 |
_aМиокард _xФункции _xРасстройства после хирургического лечения пороков сердца _2nlr_sh2 _3RU\NLR\AUTH\6601631405 |
|
| 686 |
_aР410.140.9,0 _2rubbk |
||
| 686 |
_aР410.105.0,0 _2rubbk |
||
| 686 | 1 | _aР457.365.010.50-59 | |
| 700 | 1 |
_aЗайнетдинов _bЕ. М. _gЕвгений Маратович |
|
| 701 | 1 |
_aМартаков _bМ. А. _gМихаил Александрович |
|
| 701 | 1 |
_aЗайнетдинова _bВ. Е. |
|
| 942 | _cBOOK | ||
| 980 | _aNBR | ||
| 980 | _aNB | ||